| Tag |
First Indicator |
Second Indicator |
Subfields |
| LEADER |
00000pam a2200000 a 4500 |
| 001 |
in00000087386 |
| 005 |
20151008062931.0 |
| 008 |
810508s1982 nyu b s00110 eng |
| 010 |
|
|
|a 81008732
|
| 020 |
|
|
|a 0873955439
|
| 020 |
|
|
|a 0873955447 (pbk.)
|
| 035 |
|
|
|a (OCoLC)07555974
|
| 035 |
|
|
|9 AAK1233AM
|
| 039 |
0 |
|
|a 2
|b 3
|c 3
|d 3
|e 3
|
| 040 |
|
|
|a DLC
|c DLC
|d TXA
|d UtOrBLW
|
| 049 |
|
|
|a TXAM
|c [985652]
|
| 050 |
0 |
0 |
|a BP163
|b H22
|
| 082 |
0 |
|
|a 297/.09/04
|2 19
|
| 100 |
1 |
|
|a Haddad, Yvonne Yazbeck,
|d 1935-
|
| 245 |
1 |
0 |
|a Contemporary Islam and the challenge of history /
|c Yvonne Yazbeck Haddad.
|
| 264 |
|
1 |
|a Albany :
|b State University of New York Press,
|c [1982]
|
| 264 |
|
4 |
|c ©1982
|
| 300 |
|
|
|a xvii, 257 pages ;
|c 23 cm.
|
| 336 |
|
|
|a text
|b txt
|2 rdacontent
|
| 337 |
|
|
|a unmediated
|b n
|2 rdamedia
|
| 338 |
|
|
|a volume
|b nc
|2 rdacarrier
|
| 500 |
|
|
|a Includes index.
|
| 504 |
|
|
|a Bibliography: pages [237]-246.
|
| 650 |
|
0 |
|a Islam
|y 20th century.
|
| 650 |
|
0 |
|a History
|x Religious aspects
|x Islam.
|
| 999 |
|
|
|a MARS
|
| 999 |
f |
f |
|s 8cc867fa-080a-3663-be5f-3cdbf000655c
|i f52f2d82-ac1a-3d0f-9379-493cd56eb3c6
|t 0
|
| 952 |
f |
f |
|p normal
|a Texas A&M University
|b College Station
|c Sterling C. Evans Library
|d Evans: Library Stacks
|t 0
|e BP163 H22
|h Library of Congress classification
|i unmediated -- volume
|m A14805976813
|
| 998 |
f |
f |
|a BP163 H22
|t 0
|l Evans: Library Stacks
|